Welcome to CU Library Online Public Access Catalogue (OPAC)

The turning-point of socialism; (Record no. 2494)

MARC details
000 -LEADER
fixed length control field 00579cam a2200205 4500
001 - CONTROL NUMBER
control field 3159211
005 - DATE AND TIME OF LATEST TRANSACTION
control field 20250109123001.0
008 - FIXED-LENGTH DATA ELEMENTS--GENERAL INFORMATION
fixed length control field 710727s1970 enk b 000 0 eng
020 ## - INTERNATIONAL STANDARD BOOK NUMBER
International Standard Book Number 0006125468
041 1# - LANGUAGE CODE
Language code of text/sound track or separate title engfre
050 00 - LIBRARY OF CONGRESS CALL NUMBER
Classification number HX44
Item number .G3513
082 00 - DEWEY DECIMAL CLASSIFICATION NUMBER
Classification number 335.4
100 1# - MAIN ENTRY--PERSONAL NAME
Personal name Garaudy, Roger.
245 14 - TITLE STATEMENT
Title The turning-point of socialism;
Statement of responsibility, etc. translated from the French by Peter and Betty Ross.
260 ## - PUBLICATION, DISTRIBUTION, ETC.
Place of publication, distribution, etc. London,
Name of publisher, distributor, etc. Fontana,
Date of publication, distribution, etc. 1970.
300 ## - PHYSICAL DESCRIPTION
Extent 255 p.
Dimensions 18 cm.
500 ## - GENERAL NOTE
General note Translation of Le grand tournant du socialisme.
650 #0 - SUBJECT ADDED ENTRY--TOPICAL TERM
Topical term or geographic name entry element Socialism.
942 ## - ADDED ENTRY ELEMENTS (KOHA)
Source of classification or shelving scheme Library of Congress Classification
Koha item type Books
Suppress in OPAC No
999 ## -
-- 2494
-- 2494
Holdings
Withdrawn status Lost status Source of classification or shelving scheme Damaged status Not for loan Collection Home library Current library Shelving location Date acquired Total checkouts Full call number Barcode Date last seen Copy number Price effective from Koha item type
    Library of Congress Classification     Non-fiction Undergraduate Library (Christ Temple) Undergraduate Library (Christ Temple) General stacks 01/09/2025   HX44.G3513 GAR ulct00000763 01/09/2025 1 01/09/2025 Books
© 2023-2024 Copyright: Central University Libraries. All Rights Reserved | Created by: Mahone Tech Office